Catálogo de comerciantes e industriales (Record no. 39398)

MARC details
000 -LEADER
campo de control de longitud fija 00697nam a2200193 i 4500
001 - NÚMERO DE CONTROL
campo de control 39398
003 - IDENTIFICADOR DE NÚMERO DE CONTROL
campo de control ES-MaACL
005 - FECHA Y HORA DE LA ÚLTIMA TRANSACCIÓN
campo de control 20250901210453.0
007 - CAMPO FIJO DE DESCRIPCIÓN FÍSICA--INFORMACIÓN GENERAL
campo de control de longitud fija t|
008 - DATOS DE LONGITUD FIJA--INFORMACIÓN GENERAL
campo de control de longitud fija 030303s1971 sp |||| | spa d
110 2# - ENTRADA PRINCIPAL--NOMBRE DE ENTIDAD CORPORATIVA
Nombre de entidad corporativa o nombre de jurisdicción como elemento de entrada Cámara Oficial de Comercio e Industria de Palencia
9 (RLIN) 2384
245 10 - MENCIÓN DEL TÍTULO
Título Catálogo de comerciantes e industriales
Resto del título : año 1969-1970 /
Mención de responsabilidad, etc. Cámara Oficial de Comercio e Industria de Palencia.
260 ## - PUBLICACIÓN, DISTRIBUCIÓN, ETC.
Lugar de publicación, distribución, etc. [Palencia :
Nombre del editor, distribuidor, etc. V. G. Diario Día,
Fecha de publicación, distribución, etc. 1971]
300 ## - DESCRIPCIÓN FÍSICA
Extensión 421 p. ;
Dimensiones 21 cm.
650 #4 - PUNTO DE ACCESO ADICIONAL DE MATERIA--TÉRMINO DE MATERIA
Término de materia o nombre geográfico como elemento de entrada Comercio-
Subdivisión geográfica Palencia (Provincia)-
Subdivisión de forma Directorios.
9 (RLIN) 169736
650 #4 - PUNTO DE ACCESO ADICIONAL DE MATERIA--TÉRMINO DE MATERIA
Término de materia o nombre geográfico como elemento de entrada Industria-
Subdivisión geográfica Palencia (Provincia)-
Subdivisión de forma Directorios.
9 (RLIN) 169737
852 ## - LOCALIZACIÓN
Ubicación ES-MaACL
Número de control de estantería C-47269
Holdings
Estatus retirado Estado de pérdida Estado de daño No para préstamo Biblioteca de origen Biblioteca actual Ubicación en estantería Fecha de adquisición Fuente de adquisición Total de préstamos Signatura topográfica completa Código de barras Visto por última vez Precio de reemplazo Tipo de ítem Koha
        Biblioteca del Ateneo de Madrid Biblioteca del Ateneo de Madrid Depósito 2 17/01/2008     C-47269 1041494 23/02/2023 23/02/2023 Libro impreso